Statistiken für Moderne Länder des Römischen Reiches auf einer Karte

Klicken Sie hier um das Quiz zu spielen!

Allgemein

  • Dieses Quiz wurde 139 mal gespielt
  • Das Durchschnittsergebnis liegt bei 48 aus 50

Antworten auf der Karte

Die Antworten werden auf der Karte rot bzw. grün angezeigt, abhängig davon wie oft sie richtig erraten wurden.
 

Antwortstatistiken

Land% Korrekt
Belgien
100%
Deutschland
100%
Frankreich
100%
Niederlande
100%
Österreich
100%
Ägypten
99%
Griechenland
99%
Italien
99%
Luxemburg
99%
Portugal
99%
Spanien
99%
Türkei
99%
Vereinigtes Königreich
99%
Marokko
98%
Andorra
97%
Bulgarien
97%
Israel
97%
Liechtenstein
97%
Malta
97%
Monaco
97%
San Marino
97%
Schweiz
97%
Serbien
97%
Slowenien
97%
Tunesien
97%
Ungarn
97%
Vatikanstadt
97%
Zypern
97%
Albanien
96%
Rumänien
96%
Slowakei
96%
Algerien
95%
Irak
95%
Iran
95%
Kroatien
95%
Bosnien und Herzegowina
94%
Kosovo
94%
Libyen
94%
Syrien
94%
Ukraine
94%
Montenegro
93%
Saudi-Arabien
93%
Nordmazedonien
92%
Russland
92%
Armenien
90%
Georgien
90%
Jordanien
88%
Aserbaidschan
84%
Libanon
84%
Kuwait
77%

Verteilung der Resultate

Perzentil nach korrekt beantworteten Fragen

Anzahl Personen mit jedem Resultat

Ihre Resultats-Entwicklung

Sie haben dieses Quiz noch nicht gespielt